screening for other new rice varieties resist ance to brown planthopper at cardi's glasshouse ( ពិសោធន៍តាមដានរកពូជស្រូវថ្មីៗទៀតដែលធន់ទៅនឹងការបំផ្លាញរបស់មមាចត្នោត ក្នុងលក្ខខណ្ឌផ្ទះកញ្ចក់) (Record no. 879)
[ view plain ]
| 000 -LEADER | |
|---|---|
| fixed length control field | 00717nam a22001577a 4500 |
| 003 - CONTROL NUMBER IDENTIFIER | |
| control field | OSt |
| 005 - DATE AND TIME OF LATEST TRANSACTION | |
| control field | 20150920095753.0 |
| 008 - FIXED-LENGTH DATA ELEMENTS--GENERAL INFORMATION | |
| fixed length control field | 150920b xxu||||| |||| 00| 0 eng d |
| 040 ## - CATALOGING SOURCE | |
| Transcribing agency | RUA |
| 082 ## - DEWEY DECIMAL CLASSIFICATION NUMBER | |
| Classification number | AGR IM 2008 B037 Or.1 |
| 100 ## - MAIN ENTRY--PERSONAL NAME | |
| 9 (RLIN) | 912 |
| Personal name | IM, LADOEUM. |
| 245 ## - TITLE STATEMENT | |
| Title | screening for other new rice varieties resist ance to brown planthopper at cardi's glasshouse ( ពិសោធន៍តាមដានរកពូជស្រូវថ្មីៗទៀតដែលធន់ទៅនឹងការបំផ្លាញរបស់មមាចត្នោត ក្នុងលក្ខខណ្ឌផ្ទះកញ្ចក់) |
| 260 ## - PUBLICATION, DISTRIBUTION, ETC. (IMPRINT) | |
| Place of publication, distribution, etc. | Phnom Penh |
| Name of publisher, distributor, etc. | RUA |
| Date of publication, distribution, etc. | 2008 |
| 300 ## - PHYSICAL DESCRIPTION | |
| Extent | 55p. |
| Other physical details | ill. |
| Dimensions | 29cm. |
| 942 ## - ADDED ENTRY ELEMENTS (KOHA) | |
| Source of classification or shelving scheme | |
| Koha item type | AGR |
| Price effective from | Date last seen | Permanent Location | Not for loan | Date acquired | Source of classification or shelving scheme | Koha item type | Barcode | Lost status | Damaged status | Shelving location | Withdrawn status | Current Location | Full call number |
|---|---|---|---|---|---|---|---|---|---|---|---|---|---|
| 2015-09-20 | 2015-09-20 | Library Block B | 2015-09-20 | AGR | RUA000931 | B037 | Library Block B | AGR IM 2008 B037 Or.1 | |||||
| 2015-09-20 | 2015-09-20 | Library Block B | 2015-09-20 | AGR | RUA000889 | B037 | Library Block B | AGR IM 2008 B037 Or.2 | |||||
| 2015-09-20 | 2015-09-20 | Library Block B | 2015-09-20 | AGR | RUA000999 | B037 | Library Block B | AGR IM 2008 B037 Or.3 | |||||
| 2015-09-20 | 2015-09-20 | Library Block B | 2015-09-20 | AGR | RUA000979 | B037 | Library Block B | AGR IM 2008 B037 Or.4 | |||||
| 2015-09-20 | 2015-09-20 | Library Block B | 2015-09-20 | AGR | RUA000973 | B037 | Library Block B | AGR IM 2008 B037 Or.5 | |||||
| 2015-09-20 | 2015-09-20 | Library Block B | 2015-09-20 | AGR | RUA000998 | B037 | Library Block B | AGR IM 2008 B037 Or.6 | |||||
| 2015-09-20 | 2015-09-20 | Library Block B | 2015-09-20 | AGR | RUA000913 | B030 | Library Block B | AGR IM 2008 B037 Or.7 | |||||
| 2015-09-20 | 2015-09-20 | Library Block B | 2015-09-20 | AGR | RUA002565 | B037 | Library Block B | AGR IM 2008 B037 Or.8 | |||||
| 2015-09-20 | 2015-09-20 | Library Block B | 2015-09-20 | AGR | RUA002709 | B030 | Library Block B | AGR IM 2008 B037 Or.9 |